Desiatkové registre v Šarišskej župe v polovici 16. storočia

Bibliographic Details
Main Author: Gácsová, Alžbeta, 1919-1976 (Author)
Format: Article
Language:Slovak
PhysicalDescription:Tab.
Subjects:

MARC

LEADER 00000naa a2200000 ar4500
001 vtls009091237
003 SK-MaSNL
005 20260302100404.0
008 070904e1979 xo | || |||| ||slo
015 |a SNBRA2007/08  |2 snkbucl 
038 |a SNKBUCL 
040 |a SNKBUCL  |b slo  |c SNKBUCL  |e AACR2 
041 0 |a slo  |b rus  |b ger 
044 |a xo  |c SK 
080 |a 930.253:631.559  |x (437.6)  |x "15"  |2 1997 
080 |a 94(437.6)  |x "15"  |2 1997 
080 |a 347.257  |x (437.6)  |x "15"  |2 1997 
080 |a 241.74  |x (437.6)  |x "15"  |2 1997 
080 |a 631.559  |x (437.6)  |x "15"  |2 1997 
100 1 |a Gácsová, Alžbeta,  |d 1919-1976  |4 aut  |9 61974 
245 1 0 |a Desiatkové registre v Šarišskej župe v polovici 16. storočia  |c Alžbeta Gácsová 
300 |b Tab. 
504 |a Bibliogr. odkazy v prameňoch 
546 |a Res. nem., rus. 
648 7 |a 1538-1540  |2 snkbucl  |9 770994 
648 7 |a 16. stor.  |2 snkbucl  |9 293378 
650 0 7 |a desiatky  |2 snkbucl  |9 59417 
650 0 7 |a poľnohospodárska produkcia  |2 snkbucl  |9 373841 
650 0 7 |a desiatkové registre  |2 snkbucl  |9 770995 
650 0 7 |a cirkevné desiatky  |2 snkbucl  |9 770996 
651 7 |a Šarišská župa (Slovensko)  |2 snkbucl  |9 59651 
773 0 |t Historické štúdie. XXIII  |d Bratislava : VEDA, 1979  |g S. 203-244 
852 |a SNK  |b KIS3GCP 
958 |a NB 
958 |a SK 
999 |c 1220013  |d 1221943